China's transformation: The success story and the success trap (Record no. 394690)

MARC details
000 -LEADER
fixed length control field 00502 a2200181 4500
005 - DATE & TIME
control field 20260313121709.0
008 - FIXED-LENGTH DATA ELEMENTS--GENERAL INFORMATION
fixed length control field 260312b |||||||| |||| 00| 0 eng d
020 ## - ISBN
International Standard Book Number 9789350028865
Price Rs. 899.00
040 ## - CATALOGING SOURCE
Original cataloging agency VIVEKANANDA LIBRARY
082 ## - DDC NUMBER
Classification number 330.951
Book Number M726C
100 ## - MAIN ENTRY--PERSONAL NAME
Personal name Mohanty, Manoranjan
245 ## - TITLE STATEMENT
Title China's transformation: The success story and the success trap
260 ## - PUBLICATION, DISTRIBUTION, ETC. (IMPRINT)
Name of publisher, distributor, etc Aakar Books
Place of publication, distribution, etc Delhi
Date of publication, distribution, etc 2025
300 ## - PHYSICAL DESCRIPTION
Pages xx, 376
650 ## - Subject
Subject Economic
650 ## - Subject
Subject Economic Conditions-China
942 ## - ADDED ENTRY ELEMENTS (KOHA)
Koha item type Books
Holdings
Withdrawn status Lost status Source of classification or shelving scheme Damaged status Not for loan Location (home branch) Sublocation or collection (holding branch) Shelving location Date acquired Koha issues (times borrowed) Koha full call number Accession No. Koha date last seen Koha item type
    Dewey Decimal Classification     VIVEKANANDA LIBRARY VIVEKANANDA LIBRARY Vivekananda Library 18/02/2026   330.951 M726C 438468 18/02/2026 Books
© Designed and Maintained by Vivekananda Library, MDU Rohtak